000 00311nam a2200133Ia 4500
008 191201s2008 xx 000 0 und d
100 _aHashem, Abul
245 0 _aCommon Errors in English
250 _a23rd
260 _c2008
_bRamesh Pub.
_aN.Delhi
300 _a536
650 _aAPPLIED
942 _2ddc
_cBB
_08
999 _c7245
_d7245